New morning mercies : (Record no. 21307)

MARC details
000 -LEADER
fixed length control field 02197cam a2200445 i 4500
001 - CONTROL NUMBER
control field 18181530
003 - CONTROL NUMBER IDENTIFIER
control field OSt
005 - DATE AND TIME OF LATEST TRANSACTION
control field 20260220151509.0
008 - FIXED-LENGTH DATA ELEMENTS--GENERAL INFORMATION
fixed length control field 140609s2014 ilu 001 0 eng c
010 ## - LIBRARY OF CONGRESS CONTROL NUMBER
LC control number 2014005330
020 ## - INTERNATIONAL STANDARD BOOK NUMBER
International Standard Book Number 9781433541384
Qualifying information (hardcover)
020 ## - INTERNATIONAL STANDARD BOOK NUMBER
International Standard Book Number 1433541386
Qualifying information (hardcover)
020 ## - INTERNATIONAL STANDARD BOOK NUMBER
International Standard Book Number 9781433579783
Qualifying information (note-taking edition)
020 ## - INTERNATIONAL STANDARD BOOK NUMBER
International Standard Book Number 1433579782
Qualifying information (note-taking edition)
020 ## - INTERNATIONAL STANDARD BOOK NUMBER
International Standard Book Number 9781433569630
Qualifying information (tru-tone edition)
020 ## - INTERNATIONAL STANDARD BOOK NUMBER
International Standard Book Number 1433569639
Qualifying information (tru-tone edition)
035 ## - SYSTEM CONTROL NUMBER
System control number 18181530
035 ## - SYSTEM CONTROL NUMBER
System control number (OCoLC)866096888
040 ## - CATALOGING SOURCE
Original cataloging agency DLC
Language of cataloging eng
Transcribing agency DLC
Description conventions rda
Modifying agency YDXCP
-- BTCTA
-- BDX
-- OCLCF
-- OCLCQ
-- TXVID
-- OCLCQ
-- TCH
-- HCO
-- BKL
-- CLE
-- OCLCO
-- DLC
042 ## - AUTHENTICATION CODE
Authentication code pcc
050 00 - LIBRARY OF CONGRESS CALL NUMBER
Classification number BV4811
Item number .T76 2014
100 1# - MAIN ENTRY--PERSONAL NAME
Personal name Tripp, Paul David,
Dates associated with a name 1950-
245 10 - TITLE STATEMENT
Title New morning mercies :
Remainder of title a daily gospel devotional /
Statement of responsibility, etc. Paul David Tripp.
264 #1 - PRODUCTION, PUBLICATION, DISTRIBUTION, MANUFACTURE, AND COPYRIGHT NOTICE
Place of production, publication, distribution, manufacture Wheaton, Illinois :
Name of producer, publisher, distributor, manufacturer Crossway,
Date of production, publication, distribution, manufacture, or copyright notice [2014]
300 ## - PHYSICAL DESCRIPTION
Extent 1 volume (unpaged) ;
Dimensions 24 cm
336 ## - CONTENT TYPE
Content type term text
Content type code txt
Source rdacontent
337 ## - MEDIA TYPE
Media type term unmediated
Media type code n
Source rdamedia
338 ## - CARRIER TYPE
Carrier type term volume
Carrier type code nc
Source rdacarrier
500 ## - GENERAL NOTE
General note Includes index.
520 ## - SUMMARY, ETC.
Summary, etc. "Mornings can be tough. Sometimes, a hearty breakfast and strong cup of coffee just aren't enough. Offering more than a rush of caffeine, best-selling author Paul David Tripp wants to energize you with the most potent encouragement imaginable: the gospel. Forget "behavior modification" or feel-good aphorisms. Tripp knows that what we really need is an encounter with the living God. Then we'll be prepared to trust in God's goodness, rely on his grace, and live for his glory each and every day"--Provided by publisher.
650 #0 - SUBJECT ADDED ENTRY--TOPICAL TERM
Topical term or geographic name as entry element Devotional calendars.
650 #6 - SUBJECT ADDED ENTRY--TOPICAL TERM
Topical term or geographic name as entry element Almanachs spirituels.
650 #7 - SUBJECT ADDED ENTRY--TOPICAL TERM
Topical term or geographic name as entry element devotional calendars.
Source of heading or term aat
650 #7 - SUBJECT ADDED ENTRY--TOPICAL TERM
Topical term or geographic name as entry element RELIGION / Christian Life / Devotional.
Source of heading or term bisacsh
650 #7 - SUBJECT ADDED ENTRY--TOPICAL TERM
Topical term or geographic name as entry element Devotional calendars.
Source of heading or term fast
Authority record control number (OCoLC)fst00892010
776 08 - ADDITIONAL PHYSICAL FORM ENTRY
Relationship information Online version:
Main entry heading Tripp, Paul David, 1950-
Title New morning mercies.
Place, publisher, and date of publication Wheaton : Crossway, 2014
International Standard Book Number 9781433541391
Record control number (DLC) 2014022731
906 ## - LOCAL DATA ELEMENT F, LDF (RLIN)
a 7
b cbc
c orignew
d 1
e ecip
f 20
g y-gencatlg
942 ## - ADDED ENTRY ELEMENTS (KOHA)
Source of classification or shelving scheme Library of Congress Classification
Koha item type General Collection
Holdings
Withdrawn status Lost status Source of classification or shelving scheme Not for loan Home library Current library Shelving location Date acquired Source of acquisition Inventory number Total Checkouts Full call number Barcode Date last seen Copy number Price effective from Koha item type
    Library of Congress Classification   Kabarak, Main Campus Kabarak, Main Campus General Stacks 20/02/2026 Donation 2025/3758   BV4811 .T76 2014 C.1 38398 20/02/2026 C.1 20/02/2026 General Collection
Designed with assistance from East African Informatics Ltd